| 000 | 00848nac a22002291u 4500 | ||
|---|---|---|---|
| 010 | _a 92005343 | ||
| 020 | _a0025377418 : | ||
| 082 | 0 | 0 |
_a698 _bFIE |
| 090 |
_c6137 _d6137 |
||
| 100 | _aField, Edwin M. | ||
| 245 | 1 | 0 |
_aProfessional tiling : _bhow to install, repair, or replace ceramic tile / _cby Edwin M. and Selma L. Field. |
| 260 |
_aNew York : _bMacmillan ; _aToronto : _bMaxwell Macmillan Canada ; _aNew York : _bMaxwell Macmillan International,c1993. _cc1993. |
||
| 300 |
_axiv, 283 p. : _bill. ; _c21 cm. |
||
| 500 | _a"An Audel book." | ||
| 500 | _aIncludes index. | ||
| 500 | _aDistributer: Al-Ahram. | ||
| 511 | _aCatalogued By: Mahitab. | ||
| 650 | 0 |
_aTile laying _xAmateurs' manuals. |
|
| 650 | 0 |
_aTiles _zAmateurs' manuals. |
|
| 700 | 1 |
_aField, Selma G., _d1925- |
|
| 942 |
_cBB _k698FIE |
||
| 999 |
_c6137 _d6137 |
||